Statistics for Fargo Moorhead Metro Area Place Names

Click here to take the quiz!

General Stats

  • This quiz has been taken 26 times
    (25 since last reset)
  • The average score is 12 of 248

Answer Stats

InitialPlace Name% Correct
FFargo
92%
MMoorhead
85%
WWest Fargo
46%
BBuff
23%
BBuffalo
23%
CCasselton
23%
DDilworth
23%
BBaker
15%
BBarnes
15%
BBarnesville
15%
DDale
15%
DDowner
15%
GGeorgetown
15%
GGlyndon
15%
HHawley
15%
HHill
15%
HHitterdal
15%
MMaple
15%
MMapleton
15%
OOakport
15%
PPage
15%
RRiverside
15%
SSabin
15%
AAbsaraka
8%
AAddison
8%
AAgricultural College
8%
AAgricultural College Spur
8%
AAgricultural College Station
8%
AAlice
8%
AAlliance
8%
AAmenia
8%
AArgusville
8%
AArthur
8%
AAverill
8%
AAyr
8%
BBorup
8%
BBriarwood
8%
BBrooktree Park
8%
CChafee
8%
CComstock
8%
DDavenport
8%
DDouglas
8%
EEglon
8%
EElgin
8%
EElkton
8%
EEmpire
8%
FFelton
8%
FFinkle
8%
FFrontier
8%
GGardner
8%
GGoose Prairie
8%
GGoshen
8%
GGrandin
8%
GGreene
8%
HHarwood
8%
HHickson
8%
HHorace
8%
HHunter
8%
KKeene
8%
KKindred
8%
KKragnes
8%
KKurtz
8%
LLake
8%
LLeonard
8%
MManitoba Junction
8%
MMaple River
8%
MMoland
8%
MMuskoda
8%
NNewman
8%
NNorth River
8%
OOsgood
8%
OOxbow
8%
PParke
8%
PPinkham
8%
PPrairie Rose
8%
RReal
8%
RReed
8%
RReile's Acres
8%
RRich
8%
RRichardson
8%
RRita
8%
RRiver Bend
8%
RRiverdale
8%
RRiverton
8%
RRochester
8%
RRollag
8%
RRustad
8%
RRuthruff
8%
SSibley
8%
SSkree
8%
SSouth West Fargo
8%
SStockwood
8%
TTansem
8%
TTower
8%
TTower City
8%
UUlen
8%
VViding
8%
WWalden
8%
WWarren
8%
WWatt Siding
8%
WWheatland
8%
WWild Rice
8%
WWinnipeg Junction
8%
YYeovil
8%
ZZion
8%
AAmerican Settlement
0%
AAnrum
0%
AAye
0%
BBedford
0%
BBell
0%
BBerlin
0%
BBogusville
0%
BBona
0%
BBurbankton
0%
BBurlington
0%
CCamp Ambler
0%
CCamp Stevens
0%
CCanaan
0%
CCanfield
0%
CCarleton
0%
CCasstown
0%
CCentralia
0%
CChase
0%
CClifton
0%
CCornell
0%
CCotter
0%
CCotters
0%
CCowan
0%
CCrawford
0%
CCromwell
0%
DDakota City
0%
DDalrymple
0%
DDalrymple Spur
0%
DDartmoor
0%
DDelno
0%
DDows
0%
DDunlop
0%
DDurbin
0%
EEldred
0%
EElizabeth
0%
EElmwood
0%
EEmbden
0%
EErie
0%
EErie Junction
0%
EEverest
0%
FFabian
0%
FFairground
0%
FFife
0%
FFleming
0%
FFlowing
0%
GGarfield
0%
GGill
0%
GGlacis
0%
GGoose Creek
0%
GGunkel
0%
HHagen
0%
HHaggart
0%
HHaggart's
0%
HHaggarts
0%
HHarmony
0%
HHartley
0%
HHighland
0%
HHighland Grove
0%
HHoly Cross
0%
HHorace Station
0%
HHowes
0%
HHumboldt
0%
HHyland Park
0%
JJenksville
0%
KKego
0%
KKibby
0%
KKibbyville
0%
KKinyon
0%
KKruegersville
0%
LLa Fayette
0%
LLambs
0%
LLangers
0%
LLarson
0%
LLeeches
0%
LLund
0%
LLynchburg
0%
MMadison
0%
MMagnolia
0%
MMalette
0%
MMason
0%
MMason Junction
0%
MMcHench Siding
0%
MMidway
0%
MMorken
0%
MMortimer
0%
MMyra
0%
NNada
0%
NNavan
0%
NNew Buffalo
0%
NNoble
0%
NNolan
0%
NNorman
0%
NNormanna
0%
NNorpak
0%
NNorthview
0%
OOatland
0%
OOneland
0%
OOnland
0%
OOsterdahl Settlement
0%
PPage City
0%
PPersis
0%
PPetersen
0%
PPleasant
0%
PPontiac
0%
PProsper
0%
RRaymond
0%
RRiceville
0%
RRipon
0%
RRosedale
0%
RRose Valley
0%
RRush River
0%
SSaint Benedict
0%
SSarsfield
0%
SSaunders
0%
SSaxony
0%
SSchaible
0%
SSecond Siding
0%
SSheyenne Stockyards
0%
SSidney
0%
SSitomanee
0%
SSpring Prairie
0%
SStanley
0%
SState University Station
0%
SSwan Creek
0%
TTent City
0%
TThe Crossing
0%
TThird Siding
0%
TTrysil
0%
VVance
0%
WWadeson
0%
WWalburg
0%
WWatson
0%
WWest Comstock
0%
WWest Fargo Industrial Park
0%
WWest Perley
0%
WWilder
0%
WWillardton
0%
WWilliams
0%
WWillow Creek
0%
WWiser
0%
WWitherow
0%
WWoods
0%
WWrodahl
0%

Score Distribution

Percentile by Number Answered

Percent of People with Each Score

Your Score History

You have not taken this quiz since the last reset